00522nam a2200193 a 4500001001300000003000900013005001700022008004100039020001000080082001500090100002400105245004100129260003200170300000800202500003500210505003400245650002500279700002400304nice12345678IN_TiNIC20260116012139.0050524s1977 lona grp 000 0 eng  ac10000a297.5bHUS aHussain, Mehdi Imam aFraternity and Co-Operation in Islam aLondon bNo Publisherc1977 a43p aincludes index and biblioraphy2 aAppendex, Bibliography, Index aIslam-Moral Theology1 aHussain, Mehdi Imam